00540nam a22001937a 4500003000500000005001700005008004100022010001000063011001000073035001000083040000900093082001500102100001900117245004700136260006700183300003100250650004200281650002300323CHAP20220329134942.0971013s1972 r 00010 d a28595 a29567 a33678 cCHAP a581.87bK600aKonarev, V. G. aCytochemistry and histochemistry of plants aJerusalem :bIsrael Program for Scientific translations,c1972 a260 p.b: ilus. ; gráfs.14aCitología e histología vegetales.14aQuímica vegetal.